Central Library OPAC University of Rajshahi

বিনষ্টের চিৎকার / (Record no. 48732)

MARC details
000 -LEADER
fixed length control field 00702nam a2200217 a 4500
001 - CONTROL NUMBER
control field 48732
003 - CONTROL NUMBER IDENTIFIER
rucl marc code BD-RjUL
005 - DATE AND TIME OF LATEST TRANSACTION
control field 20211209054557.0
008 - FIXED-LENGTH DATA ELEMENTS--GENERAL INFORMATION
fixed length control field 160816s1976 bg 000 p ben d
035 ## - SYSTEM CONTROL NUMBER
System control number (BD-RjUL)48851
040 ## - CATALOGING SOURCE
Original cataloging agency BD-RjUL
Transcribing agency BD-RjUL
Modifying agency BD-RjUL
Language of cataloging ben
041 ## - LANGUAGE CODE
Language code of text/sound track or separate title ben
082 04 - DEWEY DECIMAL CLASSIFICATION NUMBER
Edition number 22
Classification number 891.441
Author mark and year HOB 1976
100 10 - MAIN ENTRY--PERSONAL NAME
Personal name হক, আজীজুল
9 (RLIN) 147048
245 10 - TITLE STATEMENT
Title বিনষ্টের চিৎকার /
Statement of responsibility, etc. আজীজুল হক
260 ## - PUBLICATION, DISTRIBUTION, ETC. (IMPRINT)
Place of publication, distribution, etc. ঢাকা :
Name of publisher, distributor, etc. মুক্তধারা,
Date of publication, distribution, etc. ১৯৭৬
300 ## - PHYSICAL DESCRIPTION
Pagination ৫১ পৃ. ;
Size ২০ সেমি.
650 #0 - SUBJECT ADDED ENTRY--TOPICAL TERM
Topical term or geographic name as entry element বাংলা কবিতা
9 (RLIN) 9451
Topical term or geographic name as entry element Bengali poetry
9 (RLIN) 117526
942 ## - ADDED ENTRY ELEMENTS (KOHA)
Source of classification or shelving scheme Dewey Decimal Classification
Koha item type Books
Holdings
Lost status Source of classification or shelving scheme Damaged status Not for loan Collection code Permanent Location Current Location Shelving location Date acquired Source of acquisition Cost, normal purchase price Total Checkouts Full call number Date last seen Copy number Koha item type
  Dewey Decimal Classification     Non-fiction Central Library, University of Rajshahi Central Library, University of Rajshahi   08/04/1977 Eureka book agency 7.00   B 891.441 HOB 1976 16/08/2016 C-2 Books
  Dewey Decimal Classification     Non-fiction Central Library, University of Rajshahi Central Library, University of Rajshahi   08/04/1977 Eureka book agency 7.00   B 891.441 HOB 1976 16/08/2016 C-3 Books
  Dewey Decimal Classification     Non-fiction Central Library, University of Rajshahi Central Library, University of Rajshahi   08/04/1977 Eureka book agency 7.00   B 891.441 HOB 1976 16/08/2016 C-4 Books